000 00365nam a2200157Ia 4500
008 221030s9999 xx 000 0 und d
020 _a0706985540
041 _aEnglish
082 _a105.23
_bBag
100 _aA. K. Bagrial
245 0 _aSecretarial Practice
260 _bVikas Pub House
_aNew Delhi
_c1999
300 _a363
650 _aManagement
942 _cBK
999 _c370
_d370